Music Quiz

Random Music or Billboard Quiz

Billboard Top Moneymakers (2010) Quiz Stats

 Plays Quiz Updated Feb 28, 2019

Support Sporcle.
Go Orange.
Score 0/40 Timer 10:00
2 Plays Today
Rank Artist Name % Correct
1U2
84.8%
3Madonna
66%
5Britney Spears
61.8%
20Michael Jackson
52.5%
31Paul McCartney
49%
4AC/DC
42.9%
13Beyoncé
41.3%
21Taylor Swift
37.7%
2Bruce Springsteen
36.7%
14Elton John
31.5%
15Miley Cyrus
30.2%
26Céline Dion
30.1%
10Metallica
29.2%
28Keith Urban
26.3%
32Green Day
25.1%
7Jonas Brothers
23.9%
6P!nk
21%
9Kenny Chesney
20.2%
33Toby Keith
20.2%
12Nickelback
19.5%
Rank Artist Name % Correct
8Coldplay
18.8%
38Bob Dylan
17.3%
23Billy Joel
15%
30Lil Wayne
14.2%
19Rascal Flatts
13.8%
35Cher
13.7%
34Kiss
11.2%
27Brad Paisley
11.1%
36Andrea Bocelli
9.8%
29Tina Turner
7.6%
17Dave Matthews Band
6.9%
25Kings Of Leon
6.6%
22Depeche Mode
6.1%
11Fleetwood Mac
4.9%
39Leonard Cohen
4.9%
16Il Divo
3%
18André Rieu
2.8%
37Phish
2.7%
40Bette Midler
2%
24Trans-Siberian Orchestra
1.8%

You're not logged in!

Compare scores with friends on all Sporcle quizzes.
OR
Log In

From the Vault

What Movie? Actor Pairings

by Larryholmes79

We're still waiting for that movie that pairs all four Baldwin Brothers. Wait, no we're not.
Remove Ads.
Support Sporcle.
Get the best of Sporcle when you Go Orange. This ad-free experience offers more features, more stats, and more fun while also helping to support Sporcle. Thank you for becoming a member.

Show Comments

Extras

Top Quizzes Today


Score Distribution

Your Account Isn't Verified!

In order to create a playlist on Sporcle, you need to verify the email address you used during registration. Go to your Sporcle Settings to finish the process.

Report this User

Report this user for behavior that violates our Community Guidelines.

Details: